01130nam a22002657a 450000500170000001000130001702000100003003500130004003700160005304000120006908200220008110000430010324500780014624600450022426000830026927001080035230000530046065000550051365000560056865000310062465000280065594200310068399900190071495201310073320170124103024.0  aA-698547  c80.00  aA-698547  bCen Lib/Ret  aDPLbHN  aउbशाहअ  aशाह, अशोक के.956634  aसागर को खरीद लो /cअशोक के.शाह   aSaagar ko khareed lo /bby Ashok K.Shah   aनई दिल्ली bवर्तिका प्रकाशन c1994  aडब्ल्यू-127 ए, ग्रेटर कैलाश Ibनई दिल्ली e110048  a210पृ. c17सेमी (सजिल्द)  aहिन्दी -- साहित्य961451  aहिन्दी -- उपन्यास 961452  aHindi -- Literature961453  aHindi -- Fiction927248  2ddccHNhउmशाहअ  c115443d115443  00104070aLbLd2015-08-20eCen Lib/Retg80.00l0oउ शाहअpA-698547r2015-08-20 00:00:00t1v80.00w2015-08-20yHN